Normal view
MARC view
Entry Topical Term
001 - CONTROL NUMBER
- control field: 54416
003 - CONTROL NUMBER IDENTIFIER
- control field: OSt
005 - DATE AND TIME OF LATEST TRANSACTION
- control field: 20250616123243.0
008 - FIXED-LENGTH DATA ELEMENTS
- fixed length control field: 250616|| aca||aabn | a|a d
040 ## - CATALOGING SOURCE
- Original cataloging agency: OSt
- Transcribing agency: OSt
150 ## - HEADING--TOPICAL TERM
- Topical term or geographic name entry element: Gandhian Thought, Governement schemes and Programmes, New paradigm and governance
670 ## - SOURCE DATA FOUND
- Source citation: Work cat.: (OSt): Singh, Priyanka 54415, The Prominence of Gandhian Thought as the new Paradigm in Governance
